00511nam a2200181 a 4500001001300000003000900013005001700022008004100039020001000080082001900090100001700109245007300126260004100199300000900240500003500249650002800284700001700312nice12345678IN_TiNIC20260116013526.0070829s1987 dela grp 000 0 eng  ac16000a305.80954bNAN aNandy, Ashis aTraditions, Tyranny and Utopiasb Essays in the Politics of Awarenes aDelhibOxford University Pressc1987 a168p aincludes index and biblioraphy aIndia-Social Conditions1 aNandy, Ashis